| 000 | 01029nam a2200289 a 4500 | ||
|---|---|---|---|
| 001 | 70272 | ||
| 003 | BD-RjUL | ||
| 005 | 20211209082000.0 | ||
| 008 | 170417s1980 nyua b 001 0 eng | ||
| 020 | _a0306402653 (v. 1) | ||
| 020 | _a0306402661 (v. 2) | ||
| 035 | _a(BD-RjUL)70486 | ||
| 040 |
_aDLC _cDLC _dDLC _dBD-RjUL _beng |
||
| 041 | _aeng | ||
| 082 | 0 | 0 |
_223 _a530.11 _bGEN 1980 |
| 245 | 1 | 0 |
_aGeneral relativity and gravitation : _bone hundred years after the birth of Albert Einstein / _cedited by A. Held. |
| 260 |
_aNew York : _bPlenum Press, _cc1980. |
||
| 300 |
_av. : _bill. ; _c24 cm. |
||
| 490 | _a A publication of the International Society on General Relativity and Gravitation | ||
| 504 | _aIncludes bibliographies and indexes. | ||
| 505 | _aV. 1 -- | ||
| 650 | 0 |
_aGeneral relativity (Physics) _9156548 |
|
| 650 | 0 |
_aGravitation. _9208110 |
|
| 700 | 1 |
_aHeld, A. _q(Alan) _9208111 |
|
| 830 |
_a A publication of the International Society on General Relativity and Gravitation _9208112 |
||
| 942 |
_2ddc _cBK |
||
| 999 |
_c70272 _d70272 |
||